| 000 | 006740000a22002170004500 | ||
|---|---|---|---|
| 003 | LK-CoMWRAF | ||
| 008 | 230817t1991 ||||| |||| 00| 0 eng d | ||
| 020 | _a0195067282 | ||
| 040 |
_aLK-CoMWRAF _dLK-CoMWRAF _eLK-CoMWRAF |
||
| 041 | _aeng | ||
| 082 |
_a297.0973 _bMUS |
||
| 111 |
_aMuslims of America _c(Amherst campus of the University of Massachusetts, _d1989 April) |
||
| 245 | _aThe Muslims of America | ||
| 260 |
_aNew York: _bOxford University Press, _c1991 |
||
| 300 | _ax, 249 p. : ill. ; 25 cm. | ||
| 490 | _aReligion in America series | ||
| 650 | _aISLAM-United States | ||
| 650 | _aMUSLIMS-United States | ||
| 700 |
_aHaddad, Yvonne Yazbeck _eed. |
||
| 942 | _cCP | ||
| 999 |
_c19 _d19 |
||